Normal view
MARC view
Entry Personal Name
001 - CONTROL NUMBER
- control field: 39123
003 - CONTROL NUMBER IDENTIFIER
- control field: OSt
005 - DATE AND TIME OF LATEST TRANSACTION
- control field: 20230627161735.0
008 - FIXED-LENGTH DATA ELEMENTS
- fixed length control field: 230627|| aca||aabn | a|a d
040 ## - CATALOGING SOURCE
- Original cataloging agency: OSt
- Transcribing agency: OSt
100 ## - HEADING--PERSONAL NAME
- Personal name: Schouten, Andrew
670 ## - SOURCE DATA FOUND
- Source citation: Work cat.: (OSt)522260: Schouten, Andrew , Residential location and household spending: Exploring the relationship between neighborhood characteristics and transportation and housing costs
